000 01602nam0a2200313 4500
001 RU\NLR\bibl\909744
005 20260407133649.0
010 _a5-9534-0993-1
_9500
021 _aRU
_b2005-84392
_94176
035 _a(NLR Aleph) 000898096
090 _a1760348
_c1760348
100 _a20060221d2005 |||y0rusy50 ca
101 0 _arus
102 _aRU
105 _ay |||||||||
200 1 _aЛечебная тактика при фиброзно-кистозной болезни молочных желез
_eучебное пособие
_fФедер. агентство по здравоохранению и соц. развитию, ГОУ ВПО Моск. гос. мед.-стоматол. ун-т, Каф. онкологии Фак. последиплом. образования
_g[С.С. Чистяков и др.]
_gпод ред. проф. С.С. Чистякова
210 _aМосква
_c[б.и.]
_d2005
215 _a20 с.
_d21
320 _aБиблиогр.: с. 20 (32 назв.)
606 1 _aМастопатия
_jУчебные издания для повышения квалификации
_xТерапия
_91352927
_3RU\NLR\auth\66565208
686 _aР569.133.1-5я77
702 1 _aЧистяков
_bС. С.
_4220
712 0 2 _4570
_aМосковский государственный медико-стоматологический университет
_bКафедра онкологии
_3RU\NLR\AUTH\8810080089
_9662316
801 0 _aRU
_bNLR
_c20060221
_grcr
801 1 _aRU
_bNLR
_c20060221
942 _cBOOK
980 _aNB